Religion by Building - Statistics

General Stats
  • This quiz has been taken 51 times
  • The average score is 5 of 8
Answer Stats
Picture Hint Answer % Correct
Dome of the Rock Islam
94%
Florence Cathedral Catholic
79%
Great Synagogue Judaism
74%
Shwedagon Pagoda Buddhism
72%
St Basils Cathedral Orthodox
68%
Mashkhur Jusup Mosque Islam
66%
Angkor Wat Hinduism
51%
Lotus Temple Bahá'i
28%
No matching quizzes found
Score Distribution
Percent of People with Each Score
Percentile by Number Answered
Your Score History
You have not taken this quiz